000 00828nam a22002177a 4500
999 _c16016
_d16016
003 AR-CdUCM
008 190430b ||||| |||| 00| 0 spa d
040 _aMUNICIPALIDAD PROVINCIAL DEL CUSCO
_cBIBLIOTECA MUNICIPAL DEL CUSCO
082 _22ed.
_a860.8 /
_bB62
100 _aBlecua, José M.
_935280
245 _aFloresta de lírica española /
260 _aMadrid :
_bCredos,
_c1963.
300 _a2 tomos ;
_c20 cm.
440 _aAntología hispánica
_n6
_935281
505 _aContenido : t.1 : Prologo de la primera edicion -- Nota a la segunda edicion -- Jarchas mozarabes -- Razon de amor -- t.2 : Mária do Ceo -- Eugenio Gerardo Lobo -- Diego de Torres y Villaroel ...
650 _aLiteratura
_983
650 _aEspañola
_924066
650 _aSigloXX
_92896
942 _2ddc
_cLIBROS
945 _arah
_d30/04/2019